| 000 | 00458nam a2200169Ia 4500 | ||
|---|---|---|---|
| 999 |
_c581 _d581 |
||
| 003 | OSt | ||
| 005 | 20210906125121.0 | ||
| 008 | 190216s9999||||xx |||||||||||||| ||und|| | ||
| 040 | _coclc | ||
| 082 |
_a892.78 _bHAQ/A |
||
| 100 |
_aHakki, Mahmood _98785 |
||
| 245 | 0 |
_aAl Arood Al Wadin / _cMahmood Hakki |
|
| 260 |
_bAl Huda Book Stall, _aCalicut: |
||
| 300 | _a98p | ||
| 650 | _aArabic | ||
| 942 |
_cBK _2ddc _h892.78 _iHAQ/A _k892.78 _mHAQ/A |
||